| 000 | 00617nam a2200193 a 4500 | ||
|---|---|---|---|
| 001 | 000032783 | ||
| 005 | 20240530073935.0 | ||
| 008 | 110726s1923 dr a r 000 e spa d | ||
| 040 |
_aDO-SdBNP _bspa _cBNPHU |
||
| 082 |
_aRD864.42 _bI37d |
||
| 100 | 1 |
_aIncháustegui, Joaquín S. _945004 |
|
| 245 | 1 | 0 |
_aDe mi huerto / _cJoaquín S. Incháustegui. |
| 260 |
_aSanto Domingo : _bImprenta E. M. Casanova N., _c1923. |
||
| 300 |
_a142 p. : _bretr. ; _c17 cm. |
||
| 590 | _aInventariado, 2018/ YL | ||
| 650 | 0 |
_aEnsayos dominicanos _965 |
|
| 650 | 0 |
_aLiteratura dominicana. _967 |
|
| 910 | _aValidado. Control de calidad MFF | ||
| 999 |
_c32274 _d32274 |
||